Historic churches (Record no. 115025)

MARC details
000 -LEADER
fixed length control field 01959cam a22004455a 4500
001 - CONTROL NUMBER
control field e157910
008 - FIXED-LENGTH DATA ELEMENTS--GENERAL INFORMATION
fixed length control field 100119s2013 xxko f 001 0 eng d
020 ## - INTERNATIONAL STANDARD BOOK NUMBER
International Standard Book Number 9781900915687
035 ## - SYSTEM CONTROL NUMBER
System control number (Sirsi) u157910
041 0# - LANGUAGE CODE
Language code of text/sound track or separate title eng
050 04 - LIBRARY OF CONGRESS CALL NUMBER
Classification number 690.241 $2 18
110 2# - MAIN ENTRY--CORPORATE NAME
Corporate name or jurisdiction name as entry element Cathedral Communications Limited
9 (RLIN) 3087
245 00 - TITLE STATEMENT
Title Historic churches
Remainder of title the conservation and repair of ecclesiastical buildings
Medium [electronic resource]
250 ## - EDITION STATEMENT
Edition statement 20th ed.
260 ## - PUBLICATION, DISTRIBUTION, ETC.
Place of publication, distribution, etc. Tisbury
Name of publisher, distributor, etc. Cathedral Communications
Date of publication, distribution, etc. 2013
300 ## - PHYSICAL DESCRIPTION
Extent 56p.
Other physical details col. ill.
Dimensions 30cm.
490 #0 - SERIES STATEMENT
Series statement Building Conservation Directory Special Report
505 2# - FORMATTED CONTENTS NOTE
Formatted contents note Kirkyard heritage -- Churchyard monuments -- Grouting solid masonry walls -- Architectural competitions -- Medieval mass dials decoded -- St John the Evangelist, Shobdon -- Rainwater -- Community grants -- Advances in LED lighting -- Organ builders & restorers map -- A Welsh treasure -- Painting railings -- Usefull addresses -- Products and services -- Index of advertisers
520 ## - SUMMARY, ETC.
Summary, etc. Discusses issues, building techniques and materials relevant to the conservation and repair of churches. Includes a directory of useful organisations, products and services.
521 2# - TARGET AUDIENCE NOTE
Target audience note Advanced
590 ## - LOCAL NOTE (RLIN)
Local note KA
651 #4 - SUBJECT ADDED ENTRY--GEOGRAPHIC NAME
Geographic name United Kingdom
Chronological subdivision
690 ## - LOCAL SUBJECT ADDED ENTRY--TOPICAL TERM (OCLC, RLIN)
Topical term or geographic name as entry element BUILT ENVIRONMENT-BUILDING MAINTENANCE AND REFURBISHMENT-BUILDING RESTORATION
700 1# - ADDED ENTRY--PERSONAL NAME
Personal name Buckham, Susan
700 1# - ADDED ENTRY--PERSONAL NAME
Personal name Lloyd, Catherine
700 1# - ADDED ENTRY--PERSONAL NAME
Personal name Strachey, Sally
700 1# - ADDED ENTRY--PERSONAL NAME
Personal name Wood, Chris
700 1# - ADDED ENTRY--PERSONAL NAME
Personal name Burns, Colin
700 1# - ADDED ENTRY--PERSONAL NAME
Personal name Reading, Malcolm
700 1# - ADDED ENTRY--PERSONAL NAME
Personal name Rumley, Peter TJ
700 1# - ADDED ENTRY--PERSONAL NAME
Personal name Gibson, Frederick
700 1# - ADDED ENTRY--PERSONAL NAME
Personal name Taylor, Jonathan
700 1# - ADDED ENTRY--PERSONAL NAME
Personal name Tulasiewicz, Eddie
700 1# - ADDED ENTRY--PERSONAL NAME
Personal name Kirk, Bruce
700 1# - ADDED ENTRY--PERSONAL NAME
Personal name Wheeler, Richard
700 1# - ADDED ENTRY--PERSONAL NAME
Personal name Wilson, John
710 2# - ADDED ENTRY--CORPORATE NAME
Corporate name or jurisdiction name as entry element Building Conservation Directory
9 (RLIN) 3988
856 40 - ELECTRONIC LOCATION AND ACCESS
Uniform Resource Identifier <a href="https://www.buildingconservation.com/articles/allarticles.htm">https://www.buildingconservation.com/articles/allarticles.htm</a>
Public note View the articles at www.buildingconservation.com
942 ## - ADDED ENTRY ELEMENTS (KOHA)
Suppress in OPAC 0
Holdings
Withdrawn status Lost status Source of classification or shelving scheme Damaged status Not for loan Home library Current library Shelving location Date acquired Total Checkouts Full call number Barcode Date last seen Copy number Price effective from Koha item type
    Dewey Decimal Classification     London London Folio 17/07/2013   F690.241 BUI 30075014 06/08/2019 1 06/08/2019 Book